El olor de las yeguas / (Registro nro. 7863)

Detalles MARC
000 -LIDER
fixed length control field 01017nam a2200313 a 4500
001 - NÚMERO DE CONTROL
Identificador de número de control 000013124
003 - IDENTIFICACDOR DE NÚMERO DE CONTROL
control field DO-SdBNP
005 - DATE AND TIME OF LATEST TRANSACTION
control field 20171002095646.0
007 - CAMPOS FIJOS DE DESCRIPCIÓN FÍSICA
fixed length control field 000013124
008 - ELEMENTOS DE LONGITUD FIJA
fixed length control field 091120s2004 ck 001 0 spa d
020 ## - ISBN
International Standard Book Number 9945110012
040 ## - FUENTE DE CATALOGACIÓN
Agencia que crea de manera original el registro BPMSU
Idioma de catalogación spa
Agencia que realiza la transcripción BPMSU
082 #4 - NÚMERO DE CLASIFICACIÓN DECIMAL DE DEWEY
Edition number
Classification number RD863.44
Item number U75o
100 1# - ASIENTO PRINCIPAL -- NOMBRE PERSONAL
Nombre personal Ureña Rib, Fernando,
Fechas asociadas con el nombre 1951-
245 13 - MENCIÓN DE TITULO
Título El olor de las yeguas /
Mención de responsabilidad Fernando Ureña Rib;edición Ruth Herrera, José M. Fernández Pequeño.
260 ## - PUBLICACIÓN, DISTRIBUCIÓN, ETC. (PIE DE IMPRENTA)
Lugar de publicación, distribución, etc Santo Domingo :
Nombre del editor, distribuidor, etc. Punto de Lectura,
Fecha de publicación, distribución, etc 2004.
300 ## - DESCRIPCIÓN FÍSICA
Extensión 116 p. ;
Dimensiones 18 cm.
490 ## - MENCIÓN DE SERIES
Mención de serie Punto de lectura
Volume/sequential designation 559
500 ## - NOTA GENERAL
Nota general Incluye datos biográficos del autor en la página 115
650 #4 - ENCABEZAMIENTO DE MATERIA--TEMÁTICO
Término temático o nombre geográfico como elemento de entrada CUENTOS DOMINICANOS
650 #4 - ENCABEZAMIENTO DE MATERIA--TEMÁTICO
Término temático o nombre geográfico como elemento de entrada LITERATURA DOMINICANA
700 12 - ASIENTO SECUNDARIO -- NOMBRE PERSONAL
Nombre personal Herrera, Ruth
Mención de responsabilidad ed.
700 12 - ASIENTO SECUNDARIO -- NOMBRE PERSONAL
Nombre personal Fernández Pequeño, José M.
Mención de responsabilidad ed.
830 ## - ASIENTO SECUNDARIO DE SERIE--TÍTULO UNIFORME
Nombre de la parte o sección de una obra Punto de lectura
Volume number/sequential designation 559
910 ## - VALIDACIÓN
Validación Validado. Control de calidad MFF
942 ## - ADDED ENTRY ELEMENTS (KOHA)
Source of classification or shelving scheme Dewey Decimal Classification
Koha item type Libros
945 ## - INFORMACIÓN DE PROCESAMIENTO LOCAL
Información de procesamiento local Inventariado / 2017 VM
956 ## - LOCAL ELECTRONIC LOCATION AND ACCESS (OCLC)
Nombre de host VMATEO
Número de acceso 10
Información de compresión 20150512
Inicio de sesión BPMSU
Procesador de solicitud 00151
Existencias
Withdrawn status Lost status Source of classification or shelving scheme Damaged status Not for loan Collection code Home library Current library Date acquired Source of acquisition Total Checkouts Full call number Barcode Date last seen Price effective from Koha item type Copy number
    Dewey Decimal Classification     Colección Dominicana Biblioteca Pública Metropolitana Salomé Ureña Biblioteca Pública Metropolitana Salomé Ureña 05/12/2015 FUNDI   RD863.44 U75o BPMSU15051689 05/12/2015 05/12/2015 Libros  
    Dewey Decimal Classification     Colección Dominicana Biblioteca Pública Metropolitana Salomé Ureña Biblioteca Pública Metropolitana Salomé Ureña 10/30/2015     RD863.44 U75o BPMUS15100233 10/30/2015 10/30/2015 Libros e. 2